|
|
|
|
| LEADER |
00883cam a2200193 a 4500 |
| 001 |
AALConferenceProceedingsResearch4Life(ACM)013262 |
| 008 |
240908c9999 xx r poo 0 0eng d |
| 020 |
|
|
|a 9789535128571
|
| 020 |
|
|
|a 9789535128588
|
| 040 |
|
|
|a BD-DhAAL
|c BD-DhAAL
|
| 100 |
0 |
|
|a Jaromir Gottvald
|
| 245 |
0 |
0 |
|h [electronic resource]
|a Proceedings of the 2nd Czech-China Scientific Conference 2016
|
| 260 |
|
1 |
|b IntechOpen,
|c 1/1/17
|
| 300 |
|
|
|a 1 online resource
|
| 500 |
|
|
|a <strong>On-Campus Access Only (IP based access)</strong>
|
| 506 |
|
|
|a Electronic access restricted to authorized BRAC University faculty, staff and students
|
| 538 |
|
|
|a Mode of access: Internet
|
| 655 |
|
7 |
|a Conference papers and proceedings.
|2 Library of Congress
|
| 856 |
4 |
0 |
|z Full text available on Research4Life (ACM)
|u https://www.intechopen.com/books/proceedings-of-the-2nd-czech-china-scientific-conference-2016
|